00833nam a22002177a 450000500170000001000150001702000260003203500140005803700090007208200130008110000290009424500450012325000060016826000590017427001290023330000290036250000500039194200270044199900190046895201280048720240704114520.0 aENG-140764 c580.00a9789357053648 aEN-124296 bDBAD a915.421 aNachiketa, Neeraj968107 aGeography of India/cby Neeraj Nachiketa a1 aNoidabPearson India Education Services Pvt. Ltdc2024 a1st Floor, Berger Tower, Plot No. C-001A/2 Sector 16BbNoida (U.P.)e201301k04466540100mcompanysecretary.india@pearson.com aVarious Pagesb23cm (Pb) aFor UPSC and State Civil Services Examination 2ddccENh915.4mNACe1 c203940d203940 001040708NFICaCJbCJd2024-07-04eDBADg580.00l0o915.4 NACpEN-124296r2024-07-04 00:00:00t1v580.00w2024-07-04yEN